000 00453nmm a2200169Ia 4500
008 251105s9999||||xx |||||||||||||||||und||
020 _a9788483591291
041 _aspa
100 _aChozas, Mercedes
245 0 _aSus labores
264 _a[Madrid, España] :
_bCalambur,
_c2009
300 _a180 páginas
490 _aCalambur Narrativa
650 _aSpanish narrative
856 _uhttps://public.digitaliapublishing.com/a/30600
942 _cCF
999 _c86142
_d86142